Pohodlným pomocnú ruku nepodávajú

Prehlbujúce sa ekonomické a fiškálne nerovnosti medzi územnými celkami vedú k rastu horizontálnej fiškálnej nerovnováhy. Riešením problému by mal byť systém finančného vyrovnávania. Zámer a stratégia vyrovnávania. Štát alebo samospráva. Zásady vyrovnávania.

Gespeichert in:
Bibliographische Detailangaben
1. Verfasser: Kozovský, Dušan
Format: Buchkapitel
Sprache:Slowakisch
Schlagworte:
Tags: Tag hinzufügen
Keine Tags, Fügen Sie das erste Tag hinzu!

MARC

LEADER 00000naa$a2200000$$$4500
001 0038474
005 20231016085011.1
041 0 |a slo 
044 |a SK 
245 1 0 |a Pohodlným pomocnú ruku nepodávajú  |c Dušan Kozovský 
520 |a Prehlbujúce sa ekonomické a fiškálne nerovnosti medzi územnými celkami vedú k rastu horizontálnej fiškálnej nerovnováhy. Riešením problému by mal byť systém finančného vyrovnávania. Zámer a stratégia vyrovnávania. Štát alebo samospráva. Zásady vyrovnávania. 
610 2 0 |a financie 
610 2 0 |a vyrovnávanie rozdielov územných 
610 2 0 |a štát 
610 2 0 |a samospráva 
610 2 0 |a samospráva regionálna 
100 1 |a Kozovský, Dušan